[Event "Max Euwe Memorial - Open B"]
[Site "SchemingMind.com"]
[Date "2013.04.10"]
[Round "-"]
[White "Phillip Beckett"]
[Black "cnile"]
[Result "1-0"]
[WhiteCountry "ENG"]
[BlackCountry "SCO"]
[WhiteElo "1546"]
[WhiteRD "49"]
[BlackElo "1488"]
[BlackRD "61"]
[GameID "330015"]

1. e4 c5 2. Nf3 d6 3. d4 cxd4 4. Nxd4 Nf6 5. Nc3 Nc6 6. Bg5 e6 7. Qd2 Be7 8. f4 Bd7 9. O-O-O Rc8 10. Kb1 O-O
11. Nb3 Qc7 12. Bd3 a6 13. h4 h6 14. g4 hxg5 15. hxg5 Nxg4 16. Qg2 Ne3 17. Qh3 f5 18. g6 Ng4 19. Qh8#
1-0

[Event "Max Euwe Memorial - Open B"]
[Site "SchemingMind.com"]
[Date "2013.04.10"]
[Round "-"]
[White "Scooter"]
[Black "cnile"]
[Result "1-0"]
[WhiteCountry "USA"]
[BlackCountry "SCO"]
[WhiteElo "1732"]
[WhiteRD "48"]
[BlackElo "1488"]
[BlackRD "61"]
[GameID "330016"]

1. d4 Nf6 2. Nf3 d5 3. Bf4 c5 4. e3 e6 5. c3 Nc6 6. Bb5 Be7 7. O-O O-O 8. Nbd2 Bd7 9. h3 cxd4 10. cxd4 Rc8
11. a3 a6 12. Bxc6 Bxc6 13. Rc1 Nh5 14. Bh2 Qb6 15. Ne5 Nf6 16. Nxc6 bxc6 17. b4 Rfd8 18. Nb3 Bd6 19. Bxd6 Rxd6 20. Nc5 Nd7
21. Qe2 a5 22. bxa5 Qxa5 23. Nb7 Qc7 24. Nxd6 Qxd6 25. Qa6 Qc7 26. Rc3 Nf6 27. Rfc1 Qd7 28. Rxc6 Rd8 29. Rc8 h5 30. Rxd8+
1-0

[Event "Max Euwe Memorial - Open B"]
[Site "SchemingMind.com"]
[Date "2013.04.10"]
[Round "-"]
[White "kubinet"]
[Black "cnile"]
[Result "1-0"]
[WhiteCountry "GER"]
[BlackCountry "SCO"]
[WhiteElo "1305"]
[WhiteRD "57"]
[BlackElo "1507"]
[BlackRD "63"]
[GameID "330017"]

1. e4 e6 2. d4 d5 3. Nc3 Bb4 4. e5 c5 5. a3 Bxc3+ 6. bxc3 Qc7 7. Nf3 Ne7 8. a4 O-O 9. Bd3 Nbc6 10. O-O cxd4
11. cxd4 Bd7 12. Bxh7+ Kxh7 13. Ng5+ Kg6 14. Qd3+ Kh6 15. Nxe6+
1-0

[Event "Max Euwe Memorial - Open B"]
[Site "SchemingMind.com"]
[Date "2013.04.10"]
[Round "-"]
[White "Iucounu"]
[Black "cnile"]
[Result "1-0"]
[WhiteCountry "ENG"]
[BlackCountry "SCO"]
[WhiteElo "1487"]
[WhiteRD "50"]
[BlackElo "1507"]
[BlackRD "63"]
[GameID "330050"]

1. e4 c5 2. Nf3 d6 3. d4 cxd4 4. Nxd4 Nf6 5. Nc3 a6 6. Bc4 e6 7. Bb3 Be7 8. O-O O-O 9. f4 Nc6 10. Be3 Bd7
11. a3 Qc7 12. g3 Nxd4 13. Bxd4 b5 14. Re1 Rfe8 15. e5 dxe5 16. Bxe5 Qb6+ 17. Kf1 b4 18. axb4 Bb5+ 19. Nxb5 axb5 20. Rxa8 Rxa8
21. c3 Rd8 22. Qe2 Qc6 23. Qg2 Qxg2+ 24. Kxg2 Rd2+ 25. Kh3 Rxb2 26. Bd1 Rb1 27. Rf1 Nd5 28. Be2 Rxf1 29. Bxf1 f6 30. Bd4 Kf7
31. Bxb5 Kg6 32. Bd3+ Kf7 33. b5 Bd6 34. b6 e5 35. fxe5 fxe5 36. Bg1 Nxc3 37. b7 Na4 38. Ba7 Nc5 39. Bxc5 Bb8 40. Kg4 Kf6
41. Be4 h6 42. Kh5
1-0

[Event "Max Euwe Memorial - Open B"]
[Site "SchemingMind.com"]
[Date "2013.04.12"]
[Round "-"]
[White "Iucounu"]
[Black "janable"]
[Result "0-1"]
[WhiteCountry "ENG"]
[BlackCountry "PHI"]
[WhiteElo "1487"]
[WhiteRD "50"]
[BlackElo "1734"]
[BlackRD "91"]
[GameID "330052"]

1. e4 e5 2. f4 exf4 3. Nf3 d5 4. exd5 Qxd5 5. Nc3 Qe6+ 6. Qe2 Bd6 7. d4 Ne7 8. Qxe6 Bxe6 9. Bd2 a6 10. O-O-O h6
11. b3 Nd7 12. Re1 O-O 13. Ne4 Ba3+ 14. Kb1 Ng6 15. Bc1 Bxc1 16. Kxc1 f5 17. Nc5 Nxc5 18. dxc5 Rfe8 19. Bd3 Kf7 20. Ne5+ Nxe5
21. Rhf1 Nxd3+ 22. cxd3 g5 23. h3 Rad8 24. Kc2 Bd5 25. Rxe8 Rxe8 26. Kd2 Bxg2
0-1

[Event "Max Euwe Memorial - Open B"]
[Site "SchemingMind.com"]
[Date "2013.04.11"]
[Round "-"]
[White "Iucounu"]
[Black "emvarela"]
[Result "0-1"]
[WhiteCountry "ENG"]
[BlackCountry "ARG"]
[WhiteElo "1289"]
[WhiteRD "49"]
[BlackElo "1720"]
[BlackRD "50"]
[GameID "330053"]

1. e4 e5 2. Nf3 Nc6 3. Bb5 f5 4. Nc3 fxe4 5. Nxe4 Nf6 6. Qe2 d5 7. Nxf6+ gxf6 8. d4 Bg7 9. dxe5 O-O 10. Bxc6 bxc6
11. O-O Qe7 12. Re1 Bg4 13. h3 Bxf3 14. Qxf3 fxe5 15. Qc3 e4 16. Qg3 Qe5 17. Qxe5 Bxe5 18. c3 Bf4 19. Bxf4 Rxf4 20. g3 Rf3
21. Re3 Raf8 22. Rxf3 Rxf3 23. Re1 Kf7 24. Re3 Kf6 25. Rxf3+ exf3 26. Kh2 Kf5 27. Kg1 h5 28. Kf1 c5 29. Ke1 d4 30. cxd4 cxd4
31. Kd2 c5 32. Kd3 a5 33. h4 Ke5 34. b3 Kd5 35. a4 Ke5 36. Kc4 Ke4
0-1

[Event "Max Euwe Memorial - Open B"]
[Site "SchemingMind.com"]
[Date "2013.04.10"]
[Round "-"]
[White "Iucounu"]
[Black "Phillip Beckett"]
[Result "0-1"]
[WhiteCountry "ENG"]
[BlackCountry "ENG"]
[WhiteElo "1465"]
[WhiteRD "53"]
[BlackElo "1562"]
[BlackRD "48"]
[GameID "330054"]

1. e4 e5 2. f4 Qh4+ 3. g3 Qe7 4. fxe5 d6 5. exd6 Qxe4+ 6. Qe2 Qxe2+ 7. Nxe2 Bxd6 8. Bg2 Nf6 9. d4 c6 10. O-O O-O
11. c3 Bg4 12. Re1 Nbd7 13. Nf4 Rfe8 14. Nd2 Rxe1+
0-1

[Event "Max Euwe Memorial - Open B"]
[Site "SchemingMind.com"]
[Date "2013.04.11"]
[Round "-"]
[White "Iucounu"]
[Black "Scooter"]
[Result "0-1"]
[WhiteCountry "ENG"]
[BlackCountry "USA"]
[WhiteElo "1487"]
[WhiteRD "50"]
[BlackElo "1756"]
[BlackRD "49"]
[GameID "330055"]

1. e4 c6 2. Nf3 d5 3. exd5 cxd5 4. Ne5 e6 5. d4 Nc6 6. Bb5 Ne7 7. Nxc6 bxc6 8. Ba4 Bd7 9. O-O g6 10. Bg5 Bg7
11. Qf3 O-O 12. c3 Re8 13. Nd2 Qa5 14. Bb3 c5 15. dxc5 Qxc5 16. Be3 Qd6 17. c4 dxc4 18. Nxc4 Qc6 19. Qxc6 Bxc6 20. Rad1 Red8
21. Bc1 Bb5 22. Rfe1 Nf5 23. a4 Bc6 24. Bg5 Rxd1 25. Rxd1 Bd5 26. Na5 Bxb3 27. Nxb3 Bxb2 28. Rd8+ Rxd8 29. Bxd8 Kg7 30. Nc5 Nd4
31. Bc7 Nc6 32. Nb3 Be5 33. Bxe5+ Nxe5 34. a5 Kf6 35. f4 Nd3 36. g3 Nb4 37. Kf2 Ke7 38. Ke2 Kd6 39. Kd2 Nc6 40. Kc3 Kd5
41. h3 f6 42. h4 Ke4 43. a6 Kf3
0-1

[Event "Max Euwe Memorial - Open B"]
[Site "SchemingMind.com"]
[Date "2013.04.10"]
[Round "-"]
[White "Iucounu"]
[Black "kubinet"]
[Result "1-0"]
[WhiteCountry "ENG"]
[BlackCountry "GER"]
[WhiteElo "1490"]
[WhiteRD "63"]
[BlackElo "1369"]
[BlackRD "72"]
[GameID "330056"]

1. e4 c5 2. Nf3 e6 3. d4 cxd4 4. Nxd4 Nf6 5. Nc3 a6 6. Be2 Bb4 7. f3 O-O 8. Bd2 Nc6 9. Nxc6 dxc6 10. O-O Qa5
11. a3 Be7 12. Nd5 Qd8 13. Nxe7+ Kh8 14. Nxc8 Rxc8 15. Bb4 Re8 16. Qxd8 Rcxd8 17. Rad1 h6 18. Ba5 Rxd1 19. Rxd1 Kg8 20. Bc3 Nh7
21. Rd7 Rb8 22. Be5 Nf8 23. Bxb8
1-0

[Event "Max Euwe Memorial - Open B"]
[Site "SchemingMind.com"]
[Date "2013.04.10"]
[Round "-"]
[White "cnile"]
[Black "Iucounu"]
[Result "1-0"]
[WhiteCountry "SCO"]
[BlackCountry "ENG"]
[WhiteElo "1507"]
[WhiteRD "63"]
[BlackElo "1487"]
[BlackRD "50"]
[GameID "330057"]

1. d4 Nf6 2. Nf3 d5 3. c4 e6 4. Bg5 h6 5. Bh4 dxc4 6. e3 b5 7. Nc3 Bb4 8. Rc1 O-O 9. a3 Be7 10. Nxb5 a6
11. Nc3 Nd5 12. Bxe7 Qxe7 13. Bxc4 Bb7 14. O-O Nb6 15. Ba2 N8d7 16. Bb1 Rad8 17. Ne4 Nf6 18. Nc5 Bxf3 19. Qxf3 a5 20. Rfe1 Nbd7
21. Ne4 e5 22. Nc5 Nxc5 23. dxc5 e4 24. Qe2 c6 25. Qa6 Qc7 26. Red1 Ra8 27. Qe2 Rfd8 28. Qc4 Qb7 29. b4 Rxd1+ 30. Rxd1 axb4
31. axb4 Ra4 32. Bxe4 Rxb4 33. Rd8+
1-0

[Event "Max Euwe Memorial - Open B"]
[Site "SchemingMind.com"]
[Date "2013.04.14"]
[Round "-"]
[White "janable"]
[Black "Iucounu"]
[Result "1-0"]
[WhiteCountry "PHI"]
[BlackCountry "ENG"]
[WhiteElo "1734"]
[WhiteRD "91"]
[BlackElo "1487"]
[BlackRD "50"]
[GameID "330059"]

1. e4 e5 2. Nf3 Nc6 3. Bb5 a6 4. Ba4 b5 5. Bb3 Nf6 6. O-O Bb7 7. d4 Nxe4 8. Re1 d5 9. dxe5 Be7 10. Nbd2 Nxd2
11. Bxd2 O-O 12. c3 Re8 13. e6 f6 14. Bf4 Na5 15. Bc2 Bd6 16. Qd3 Bxf4 17. Qxh7+ Kf8 18. Qh8+ Ke7 19. Qxg7+ Kd6 20. e7 Rxe7
21. Qxf6+
1-0

[Event "Max Euwe Memorial - Open B"]
[Site "SchemingMind.com"]
[Date "2013.04.15"]
[Round "-"]
[White "emvarela"]
[Black "Iucounu"]
[Result "1-0"]
[WhiteCountry "ARG"]
[BlackCountry "ENG"]
[WhiteElo "1760"]
[WhiteRD "50"]
[BlackElo "1464"]
[BlackRD "57"]
[GameID "330060"]

1. e4 e5 2. Nf3 Nc6 3. Bb5 a6 4. Bxc6 dxc6 5. O-O f6 6. d4 exd4 7. Nxd4 c5 8. Nb3 Qxd1 9. Rxd1 Bd7 10. Nc3 O-O-O
11. Bf4 g5 12. Bg3 h5 13. Nd5 Bd6 14. Bxd6 cxd6 15. Nb6+ Kb8 16. Nxd7+ Rxd7 17. Rd2 Ne7 18. Nxc5 Rdd8 19. Rad1 Nc6 20. Rxd6 Rxd6
21. Rxd6 Re8 22. Rxf6 Na5 23. f3 Rg8 24. b4 Nc6 25. Nxa6+ Ka7 26. b5 Nb8 27. Nxb8 Kxb8 28. Rf5
1-0

[Event "Max Euwe Memorial - Open B"]
[Site "SchemingMind.com"]
[Date "2013.04.10"]
[Round "-"]
[White "Phillip Beckett"]
[Black "Iucounu"]
[Result "1-0"]
[WhiteCountry "ENG"]
[BlackCountry "ENG"]
[WhiteElo "1588"]
[WhiteRD "47"]
[BlackElo "1492"]
[BlackRD "55"]
[GameID "330061"]

1. e4 e5 2. Nf3 Nc6 3. Bb5 a6 4. Ba4 b5 5. Bb3 Nf6 6. O-O Bb7 7. Re1 Bc5 8. c3 d6 9. d3 O-O 10. Nbd2 Na5
11. Bc2 h6 12. b4 Bb6 13. bxa5 Bxa5 14. Bb2 c5 15. Nb3 Bb6 16. Nbd2 Rc8 17. Nf1 Rc7 18. Ng3 a5 19. Nf5 Bc8 20. d4 Bxf5
21. exf5 Nh7 22. dxe5 d5 23. e6 fxe6 24. fxe6 Re8 25. Qd3 c4 26. Qxh7+ Kf8 27. Bg6 Ke7 28. Qxg7+ Kd6 29. Qe5+ Kc6 30. Bxe8+ Qxe8
31. Nd4+ Bxd4 32. Qxd4 Qd8 33. e7 Rxe7 34. Qf6+ Kd7 35. Rxe7+ Qxe7 36. Qxe7+ Kxe7 37. Re1+
1-0

[Event "Max Euwe Memorial - Open B"]
[Site "SchemingMind.com"]
[Date "2013.04.11"]
[Round "-"]
[White "Scooter"]
[Black "Iucounu"]
[Result "1/2-1/2"]
[WhiteCountry "USA"]
[BlackCountry "ENG"]
[WhiteElo "1756"]
[WhiteRD "49"]
[BlackElo "1487"]
[BlackRD "50"]
[GameID "330062"]

1. d4 Nf6 2. Nf3 d5 3. Bf4 e6 4. e3 c5 5. Bb5+ Bd7 6. Bxd7+ Nbxd7 7. c3 Be7 8. O-O O-O 9. Nbd2 c4 10. Qc2 h6
11. b4 b5 12. a4 a6 13. axb5 axb5 14. Ne5 Nxe5 15. Bxe5 Bd6 16. Bxd6 Qxd6 17. e4 Nxe4 18. Nxe4 dxe4 19. Qxe4 Qd5 20. Qc2 Rxa1
21. Rxa1 Ra8 22. Rxa8+ Qxa8 23. f3 g6 24. Qe4 Qxe4 25. fxe4 f6 26. Kf2 Kf7 27. Kf3 Ke7 28. h4 h5 29. g4 hxg4+ 30. Kxg4 Kf7
31. Kf4 Ke7 32. d5 exd5 33. exd5 g5+ 34. hxg5 fxg5+ 35. Kxg5 Kd6 36. Kf4 Kxd5 37. Kf5 Kd6 38. Ke4 Ke6 39. Kd4=
1/2-1/2

[Event "Max Euwe Memorial - Open B"]
[Site "SchemingMind.com"]
[Date "2013.04.11"]
[Round "-"]
[White "kubinet"]
[Black "Iucounu"]
[Result "1-0"]
[WhiteCountry "GER"]
[BlackCountry "ENG"]
[WhiteElo "1579"]
[WhiteRD "59"]
[BlackElo "1289"]
[BlackRD "49"]
[GameID "330063"]

1. e4 e5 2. Bc4 Nf6 3. d3 Nc6 4. Nf3 Bc5 5. O-O d6 6. Nc3 O-O 7. Bg5 h6 8. Bh4 Be6 9. Bxe6 fxe6 10. a3 a5
11. Nd2 Nd4 12. Ne2 g5 13. Bg3 Nxe2+ 14. Qxe2 Qe8 15. h3 Qh5 16. Rae1 Qxe2 17. Rxe2 Nh5 18. Bh2 Nf4 19. Ree1 a4 20. Bg3 Nh5
21. Bh2 Nf4 22. Nc4 b5 23. Ne3 Bd4 24. Nd1 Kh7 25. Ne3 c6 26. Nd1 Rf7 27. Bxf4 exf4 28. c3 Bb6 29. d4 c5 30. dxc5 Bxc5
31. Kh2 Re8 32. f3 e5 33. Nf2 Bxf2 34. Rxf2 Rb7 35. Rd2 Rd8 36. Red1 Rb6 37. Rd5 h5 38. Rxe5 dxe5 39. Rxd8 Kg6 40. Rd5 Kf6
41. Kg1 h4 42. Kf2
1-0